Statistics for Women suffering domestic violence

Click here to take the quiz!

General Stats

  • This quiz has been taken 70 times
  • The average score is 12 of 30

Answer Stats

%CountryContinent% Correct
45.3IraqMiddle East
74%
3Ireland, GermanyEurope
70%
36.8DR CongoAfrica
64%
2.2AustraliaOceania
60%
2SpainEurope
60%
1.1CanadaN.America
57%
46.1AfghanistanAsia
55%
1.8IcelandEurope
53%
2.7ChileS.America
51%
3Luxembourg, AustriaEurope
51%
0.9SwitzerlandEurope
51%
2PolandEurope
49%
2.7ArgentinaS.America
45%
29.9UgandaAfrica
42%
3Cyprus, CroatiaEurope/Asia
40%
2SloveniaEurope
38%
32.9Papua New GuineaOceania
36%
0.9SingaporeAsia
36%
2EstoniaEurope
34%
41.8Solomon IslandsOceania
34%
1GeorgiaAsia/Eurasia
32%
29.6TanzaniaAfrica
32%
44VanuatuOceania
28%
32.7CameroonAfrica
26%
47South SudanAfrica
26%
35LiberiaAfrica
25%
31.5GabonAfrica
23%
43.6Equatorial GuineaAfrica
11%
35MadagascarAfrica
9%
46.4Timor-LesteAsia
4%

Score Distribution

Percentile by Number Answered

Percent of People with Each Score

Your Score History

You have not taken this quiz